Normal view MARC view

Entry Personal Name

Number of records used in: 1

001 - CONTROL NUMBER

  • control field: 856228

003 - CONTROL NUMBER IDENTIFIER

  • control field:

005 - DATE AND TIME OF LATEST TRANSACTION

  • control field: 20210627084102.0

008 - FIXED-LENGTH DATA ELEMENTS

  • fixed length control field: 210627|| aca||aabn | a|a d

040 ## - CATALOGING SOURCE

  • Original cataloging agency:
  • Transcribing agency:

100 ## - HEADING--PERSONAL NAME

  • Personal name: Loudon,
  • Titles and other words associated with a name: Mrs.
  • Fuller form of name: (Jane),
  • Dates associated with a name: 1807-1858

670 ## - SOURCE DATA FOUND

  • Source citation: Work cat.: ()739243: Loudon, Mrs. (Jane), 1807-1858, The ladies flower-garden of ornamental annuals /, 1844
                                                                           
web counter

Copyright ©2020 The National Library of India, Govt. of India ↔ Hosted by NVLI, MOC ↔ Technology and Design by National Library of India, Ministry of Culture, Govt. of India